[Event "Madrid ch - Semifinal A"]
[Site "Madrid ESP"]
[Date "2011.01.26"]
[Round "6.17"]
[White "Camarero Izquierdo, Juan C"]
[Black "Lopez Peral, Enrique"]
[Result "1-0"]
[WhiteElo "1939"]
[BlackElo "1877"]
[PlyCount "99"]
[EventDate "2011.01.17"]
[EventType "swiss"]
[EventRounds "9"]
[EventCountry "ESP"]
[Source "lmi"]
[SourceDate "2011.01.17"]

1. e4 d5 2. e5 c5 3. Nf3 a6 4. c4 d4 5. d3 Nc6 6. Be2 h6 7. O-O g5 8. Re1 Bg7
9. h4 g4 10. Nh2 h5 11. f4 Nh6 12. Nf1 Nf5 13. g3 b6 14. Nbd2 Bb7 15. Ne4 Qc7
16. Bxg4 hxg4 17. Qxg4 e6 18. Nd6+ Kf8 19. Nxf5 exf5 20. Qxf5 Ne7 21. Qh3 Qc6
22. Nd2 Qe6 23. Qxe6 fxe6 24. Ne4 Nf5 25. Kf2 Ke7 26. Bd2 Bxe4 27. dxe4 Nh6 28.
b4 Rhf8 29. Ke2 Rfb8 30. g4 a5 31. g5 Nf7 32. bxc5 bxc5 33. Rab1 Kd7 34. a4 Nd8
35. h5 Nc6 36. h6 Bf8 37. Rb5 Rxb5 38. cxb5 Ne7 39. Kd3 Ng6 40. Kc4 Kc7 41. Rf1
Kb6 42. Be1 Re8 43. Bg3 Re7 44. f5 exf5 45. Rxf5 Re6 46. Rf6 Rxf6 47. exf6 Nh8
48. e5 Nf7 49. Bf4 Nh8 50. e6 1-0

[Event "Madrid ch - Semifinal A"]
[Site "Madrid ESP"]
[Date "2011.01.31"]
[Round "7.1"]
[White "Ramirez Garcia, Jorge Alberto"]
[Black "Gemy, Jose Daniel"]
[Result "1/2-1/2"]
[WhiteElo "2255"]
[BlackElo "2301"]
[PlyCount "24"]
[EventDate "2011.01.17"]
[EventType "swiss"]
[EventRounds "9"]
[EventCountry "ESP"]
[Source "lmi"]
[SourceDate "2011.01.17"]

1. e4 c5 2. c3 d5 3. exd5 Qxd5 4. d4 g6 5. dxc5 Qxd1+ 6. Kxd1 Nf6 7. Bd3 e5 8.
b4 Nc6 9. Bb2 Bf5 10. Bxf5 gxf5 11. Nf3 O-O-O+ 12. Kc2 Rg8 1/2-1/2

[Event "Madrid ch - Semifinal A"]
[Site "Madrid ESP"]
[Date "2011.01.31"]
[Round "7.2"]
[White "Perez Gonzalez, Jose Manuel"]
[Black "Spitzer Isbert, Ramon"]
[Result "1-0"]
[WhiteElo "2279"]
[BlackElo "2082"]
[PlyCount "113"]
[EventDate "2011.01.17"]
[EventType "swiss"]
[EventRounds "9"]
[EventCountry "ESP"]
[Source "lmi"]
[SourceDate "2011.01.17"]

1. e4 c5 2. Nf3 Nc6 3. Bb5 e5 4. Bxc6 dxc6 5. d3 c4 6. dxc4 Qxd1+ 7. Kxd1 Nf6
8. Nbd2 Be6 9. Nxe5 O-O-O 10. Nd3 Ng4 11. Ke2 f5 12. e5 g5 13. b3 Bg7 14. Nf3
Rhe8 15. Bxg5 Rxd3 16. cxd3 Nxe5 17. Nxe5 Bxe5 18. Rac1 Bf7 19. Kd2 Rg8 20. f4
Bc7 21. g3 Ba5+ 22. Kc2 Re8 23. Bf6 Re2+ 24. Kb1 Bh5 25. Rc2 Re3 26. Bc3 Bb6
27. Re1 Rxd3 28. Kb2 Be3 29. Rce2 Bxe2 30. Rxe2 Bd4 31. Bxd4 Rxd4 32. Kc3 Rd1
33. Re8+ Kc7 34. Rf8 Ra1 35. Rxf5 Rxa2 36. Rf7+ Kb6 37. Rxh7 Rf2 38. Rh5 c5 39.
Rh7 Kc6 40. Rf7 Rxh2 41. g4 Rh3+ 42. Kb2 Rg3 43. g5 a6 44. Rf6+ Kd7 45. g6 Ke7
46. Rf7+ Ke6 47. f5+ Ke5 48. g7 Kd4 49. Rxb7 Rg2+ 50. Ka3 Kc3 51. Re7 Rg1 52.
Re3+ Kd4 53. f6 Kxe3 54. f7 Rxg7 55. f8=Q Rg5 56. Qh6 Kf4 57. Ka4 1-0

[Event "Madrid ch - Semifinal A"]
[Site "Madrid ESP"]
[Date "2011.01.31"]
[Round "7.3"]
[White "De La Fuente Gonzalez, Francisco"]
[Black "Rodriguez De Castro, Ayar"]
[Result "1-0"]
[WhiteElo "2230"]
[BlackElo "2103"]
[PlyCount "59"]
[EventDate "2011.01.17"]
[EventType "swiss"]
[EventRounds "9"]
[EventCountry "ESP"]
[Source "lmi"]
[SourceDate "2011.01.17"]

1. c4 e6 2. Nf3 Nf6 3. g3 Nc6 4. Bg2 e5 5. Nc3 d6 6. O-O Be7 7. d4 O-O 8. d5
Nb8 9. Bd2 Nbd7 10. b4 Nb6 11. Qb3 Bg4 12. Be3 Qd7 13. c5 Bxf3 14. Bxf3 dxc5
15. bxc5 e4 16. Nxe4 Nbxd5 17. Nxf6+ Nxf6 18. Qxb7 Rfc8 19. Rfd1 Qf5 20. Qb1
Qxb1 21. Raxb1 Rab8 22. c6 a5 23. Rb7 Kf8 24. Bf4 Bd8 25. Bg2 Ke8 26. Bh3 Rxb7
27. cxb7 Rb8 28. Bc8 Ne4 29. Rd4 Nd6 30. Rxd6 1-0

[Event "Madrid ch - Semifinal A"]
[Site "Madrid ESP"]
[Date "2011.01.31"]
[Round "7.4"]
[White "Pastor Alonso De Prado, Emilio A"]
[Black "Garcia Ruido, Ricardo"]
[Result "1-0"]
[WhiteElo "2176"]
[BlackElo "2067"]
[PlyCount "67"]
[EventDate "2011.01.17"]
[EventType "swiss"]
[EventRounds "9"]
[EventCountry "ESP"]
[Source "lmi"]
[SourceDate "2011.01.17"]

1. e4 d6 2. d4 Nf6 3. Nc3 e5 4. Nf3 Nbd7 5. Bc4 Be7 6. O-O O-O 7. Re1 c6 8. a4
b6 9. d5 cxd5 10. Bxd5 Nxd5 11. Nxd5 Bb7 12. Nd2 Bg5 13. Nc4 Bxc1 14. Rxc1 Nc5
15. Nc3 Nxe4 16. Nxe4 Bxe4 17. Nxd6 Bc6 18. Rxe5 Qf6 19. Qd4 Rad8 20. Rd1 Qg6
21. g3 Qxc2 22. a5 Ba8 23. Re3 bxa5 24. Red3 Qc6 25. f3 Rd7 26. Kg2 Rb8 27. Qe5
Rbd8 28. Rc3 Qb6 29. Rc8 Rxc8 30. Nxc8 Bxf3+ 31. Kxf3 Qb7+ 32. Kf2 Qxc8 33.
Rxd7 Qc2+ 34. Ke1 1-0

[Event "Madrid ch - Semifinal A"]
[Site "Madrid ESP"]
[Date "2011.01.31"]
[Round "7.5"]
[White "Cabanas Bravo, Juan Andres"]
[Black "Cortes Jurado, Rafael"]
[Result "1-0"]
[WhiteElo "2059"]
[BlackElo "2081"]
[PlyCount "101"]
[EventDate "2011.01.17"]
[EventType "swiss"]
[EventRounds "9"]
[EventCountry "ESP"]
[Source "lmi"]
[SourceDate "2011.01.17"]

1. e4 c5 2. Nf3 e6 3. d4 cxd4 4. Nxd4 Nf6 5. Nc3 Nc6 6. Ndb5 Bb4 7. Bf4 Nxe4 8.
Nc7+ Kf8 9. Qf3 d5 10. O-O-O Bxc3 11. bxc3 Rb8 12. Nxd5 exd5 13. Qxe4 dxe4 14.
Rxd8+ Nxd8 15. Bxb8 Nc6 16. Bd6+ Ke8 17. Bc4 Nd8 18. Rd1 Be6 19. Bd5 Bxd5 20.
Rxd5 Kd7 21. Bf8+ Kc7 22. Bxg7 Rg8 23. Be5+ Kc6 24. c4 a6 25. g3 Re8 26. Bf6
Ne6 27. Re5 Nc7 28. Kd2 Rxe5 29. Bxe5 Ne6 30. g4 Kc5 31. Ke3 Kxc4 32. Kxe4 Kb4
33. Bb2 Nc5+ 34. Kd4 Na4 35. a3+ Kb5 36. Bc1 Nb6 37. h4 Ka4 38. g5 Nd7 39. f4
b5 40. h5 a5 41. f5 b4 42. axb4 Kxb4 43. Bd2+ Kb5 44. c4+ Kb6 45. Kd5 a4 46.
Bb4 Kc7 47. g6 hxg6 48. fxg6 fxg6 49. hxg6 Nf6+ 50. Ke6 Ng8 51. Bf8 1-0

[Event "Madrid ch - Semifinal A"]
[Site "Madrid ESP"]
[Date "2011.01.31"]
[Round "7.8"]
[White "Alvarez Abejon, Amilcar"]
[Black "Vukotic Jovsic, Dragan"]
[Result "1-0"]
[WhiteElo "2094"]
[BlackElo "1960"]
[PlyCount "43"]
[EventDate "2011.01.17"]
[EventType "swiss"]
[EventRounds "9"]
[EventCountry "ESP"]
[Source "lmi"]
[SourceDate "2011.01.17"]

1. d4 Nf6 2. c4 e6 3. Nc3 d5 4. Bg5 Be7 5. e3 Nbd7 6. Nf3 O-O 7. Rc1 c6 8. Bd3
dxc4 9. Bxc4 Nd5 10. Bxe7 Qxe7 11. Ne4 N5f6 12. Nxf6+ Qxf6 13. O-O e5 14. e4
exd4 15. Qxd4 Qxd4 16. Nxd4 Ne5 17. Bb3 Nd3 18. Rc2 Rd8 19. Nf3 h6 20. Rd2 Bg4
21. Rfd1 Bxf3 22. gxf3 1-0

[Event "Madrid ch - Semifinal A"]
[Site "Madrid ESP"]
[Date "2011.01.31"]
[Round "7.9"]
[White "Lozano Sanchez, Jose Antonio"]
[Black "Mansilla Tolosa, Luis"]
[Result "0-1"]
[WhiteElo "1918"]
[BlackElo "2081"]
[PlyCount "74"]
[EventDate "2011.01.17"]
[EventType "swiss"]
[EventRounds "9"]
[EventCountry "ESP"]
[Source "lmi"]
[SourceDate "2011.01.17"]

1. e4 c5 2. Nf3 g6 3. Bc4 Bg7 4. Nc3 e6 5. O-O Ne7 6. d3 O-O 7. Bg5 h6 8. Bd2
d5 9. exd5 exd5 10. Bb3 a6 11. a4 Be6 12. Ba2 Nbc6 13. Qc1 Kh7 14. Ne2 Bg4 15.
Ng3 Bxf3 16. gxf3 Nd4 17. Qd1 Qd7 18. c3 Ndf5 19. Bf4 Nh4 20. Kh1 g5 21. Bc1
Nc6 22. f4 g4 23. Rg1 f5 24. Rb1 d4 25. Qb3 Nf3 26. Rd1 Qe7 27. Qc2 Rae8 28.
Bd5 Qh4 29. Bxf3 gxf3 30. Bd2 Re6 31. Rg1 Rg6 32. Rbe1 Qh3 33. Qd1 h5 34. b4
dxc3 35. Be3 cxb4 36. Bc5 h4 37. Nh5 Rg2 0-1

[Event "Madrid ch - Semifinal A"]
[Site "Madrid ESP"]
[Date "2011.01.31"]
[Round "7.10"]
[White "Lorenzo Bailador, Alfredo"]
[Black "Perez Cameselle, Francisco"]
[Result "1/2-1/2"]
[WhiteElo "2018"]
[BlackElo "1904"]
[PlyCount "33"]
[EventDate "2011.01.17"]
[EventType "swiss"]
[EventRounds "9"]
[EventCountry "ESP"]
[Source "lmi"]
[SourceDate "2011.01.17"]

1. e4 c5 2. c3 Nf6 3. e5 Nd5 4. d4 cxd4 5. Nf3 Nc6 6. Bc4 Nb6 7. Bb3 d6 8. exd6
Qxd6 9. O-O Bf5 10. Nxd4 Nxd4 11. cxd4 e6 12. Nc3 Be7 13. d5 Nxd5 14. Nxd5 exd5
15. Bxd5 Rd8 16. Qa4+ Qd7 17. Bb3 1/2-1/2

[Event "Madrid ch - Semifinal A"]
[Site "Madrid ESP"]
[Date "2011.01.31"]
[Round "7.12"]
[White "Lopez Heras, Arturo"]
[Black "Garcia Martin, Juan Manuel"]
[Result "1-0"]
[WhiteElo "2021"]
[BlackElo "1903"]
[PlyCount "85"]
[EventDate "2011.01.17"]
[EventType "swiss"]
[EventRounds "9"]
[EventCountry "ESP"]
[Source "lmi"]
[SourceDate "2011.01.17"]

1. c4 e5 2. Nc3 b6 3. Nf3 d6 4. d4 Bb7 5. d5 Nf6 6. e4 Nbd7 7. Be2 a5 8. O-O
Bc8 9. h3 Be7 10. Be3 O-O 11. a3 Bb7 12. Qc2 c5 13. dxc6 Bxc6 14. Nd5 Bxd5 15.
exd5 Rc8 16. Qd1 Ne8 17. Nd2 f5 18. f4 exf4 19. Bxf4 Bg5 20. Nb3 Qe7 21. Qd2
Bf6 22. Bd3 Nc5 23. Nxc5 dxc5 24. Rae1 Qd7 25. Re6 Bd8 26. Rfe1 g6 27. Bg5 Ng7
28. R6e2 h6 29. Bxd8 Rcxd8 30. Re7 Qd6 31. Qxh6 Qf6 32. R1e6 Qd4+ 33. Kh1 Rde8
34. Rxe8 Nxe8 35. Qxg6+ Ng7 36. Re7 Qxb2 37. d6 Qc1+ 38. Kh2 Qf4+ 39. Kg1 Qd4+
40. Kh1 Qf6 41. Bxf5 Qa1+ 42. Bb1 Rf1+ 43. Kh2 1-0

[Event "Madrid ch - Semifinal A"]
[Site "Madrid ESP"]
[Date "2011.01.31"]
[Round "7.14"]
[White "Montero Garcia, Francisco Javier"]
[Black "Camarero Izquierdo, Juan C"]
[Result "0-1"]
[WhiteElo "1929"]
[BlackElo "1939"]
[PlyCount "70"]
[EventDate "2011.01.17"]
[EventType "swiss"]
[EventRounds "9"]
[EventCountry "ESP"]
[Source "lmi"]
[SourceDate "2011.01.17"]

1. e4 c5 2. Nf3 d6 3. d4 cxd4 4. Nxd4 Nf6 5. Nc3 g6 6. Be3 Bg7 7. f3 O-O 8. Qd2
Nc6 9. O-O-O Bd7 10. h4 h5 11. g4 Rc8 12. Bh6 Qa5 13. Nb3 Qc7 14. Be2 Bxh6 15.
Qxh6 Nb4 16. Kb1 Be6 17. gxh5 Nxh5 18. Rdg1 Bxb3 19. Qxh5 Bxc2+ 20. Kc1 Kg7 21.
a3 Bd3 22. Bxd3 Nxd3+ 23. Kb1 Qb6 24. Na4 Qb3 25. Qd5 Qc2+ 26. Ka1 b5 27. Qd4+
e5 28. Qxd6 bxa4 29. Rb1 Rb8 30. Rhc1 Nxc1 31. Qxe5+ Kh7 32. h5 Qc4 33. hxg6+
fxg6 34. Qe7+ Rf7 35. Qh4+ Kg7 0-1

[Event "Madrid ch - Semifinal A"]
[Site "Madrid ESP"]
[Date "2011.01.31"]
[Round "7.15"]
[White "Sarabia Utrilla, Joaquin"]
[Black "Ruiz Quevedo, Andres"]
[Result "1/2-1/2"]
[WhiteElo "1840"]
[BlackElo "1950"]
[PlyCount "147"]
[EventDate "2011.01.17"]
[EventType "swiss"]
[EventRounds "9"]
[EventCountry "ESP"]
[Source "lmi"]
[SourceDate "2011.01.17"]

1. d4 Nf6 2. c4 c5 3. e3 g6 4. Nc3 Bg7 5. Nf3 O-O 6. Be2 cxd4 7. exd4 d5 8. c5
Nc6 9. Bf4 Ne4 10. O-O Nxd4 11. Nxd4 e5 12. Be3 exd4 13. Bxd4 Nxc3 14. bxc3 Be6
15. Rb1 Qc7 16. Qb3 Rab8 17. Bf3 Rfd8 18. Rfd1 Bf8 19. Qb4 Bf5 20. Rb2 Qc8 21.
Bf6 Bxc5 22. Qh4 Re8 23. Bxd5 Bg4 24. Rdb1 Bf5 25. Rf1 b6 26. Qa4 Qc7 27. Qc4
Be6 28. Bxe6 Rxe6 29. Bd4 Rc6 30. Qb3 Bd6 31. h3 Rc8 32. Rc2 Qe7 33. Rfc1 Qe4
34. Be3 Qe5 35. g3 Qf5 36. h4 Qf3 37. Rd2 Bxg3 38. Qd5 Qxd5 39. Rxd5 Bxh4 40.
Rd7 R8c7 41. Rcd1 Bf6 42. Bh6 Rc8 43. Rxa7 Bg7 44. Be3 Bxc3 45. Rdd7 Rf6 46.
Rdb7 Ba5 47. Ra6 h5 48. Bxb6 Bxb6 49. Raxb6 Rxb6 50. Rxb6 Rc2 51. a4 Ra2 52.
Ra6 Kg7 53. a5 g5 54. Ra8 Kf6 55. a6 Kf5 56. a7 h4 57. Kg2 Kf4 58. Kg1 f5 59.
Kh1 Ra1+ 60. Kg2 g4 61. Kh2 h3 62. Rb8 Rxa7 63. Rb2 Ra3 64. Rc2 Rf3 65. Rc4+
Kg5 66. Rc2 Kh4 67. Kg1 f4 68. Rc8 h2+ 69. Kh1 Rxf2 70. Rh8+ Kg5 71. Rg8+ Kf5
72. Rf8+ Ke4 73. Re8+ Kd3 74. Re3+ 1/2-1/2

[Event "Madrid ch - Semifinal A"]
[Site "Madrid ESP"]
[Date "2011.01.31"]
[Round "7.16"]
[White "Galan Aguado, Fernando"]
[Black "Rodriguez Vignote, Javier"]
[Result "0-1"]
[WhiteElo "1841"]
[BlackElo "1918"]
[PlyCount "120"]
[EventDate "2011.01.17"]
[EventType "swiss"]
[EventRounds "9"]
[EventCountry "ESP"]
[Source "lmi"]
[SourceDate "2011.01.17"]

1. d4 e6 2. Nf3 Nf6 3. e3 b6 4. Nbd2 Bb7 5. Bd3 c5 6. O-O Be7 7. b3 cxd4 8.
exd4 O-O 9. Bb2 d6 10. Re1 Nbd7 11. Qe2 Re8 12. Ng5 Bf8 13. f4 g6 14. Nc4 Qc7
15. Qf2 b5 16. Ne5 dxe5 17. fxe5 Bh6 18. Nxf7 Kxf7 19. exf6 a6 20. Rf1 Bg5 21.
h4 Bxf6 22. h5 Bd5 23. hxg6+ hxg6 24. Qh4 Rh8 25. Qg5 Qh2+ 26. Kf2 Qh4+ 27.
Qxh4 Rxh4 28. c4 bxc4 29. bxc4 Be4 30. Bxe4 Rxe4 31. Kf3 Rh4 32. Kg3 Rh5 33.
Rae1 Rc8 34. d5 exd5 35. cxd5 Rxd5 36. Re3 Rc2 37. Bxf6 Nxf6 38. Ref3 Rc6 39.
Ra3 g5 40. Ra4 Rd3+ 41. Rf3 Rxf3+ 42. gxf3 Kg6 43. f4 Nh5+ 44. Kg4 Nxf4 45. Ra5
Ne6 46. Re5 Rc4+ 47. Kg3 Kf6 48. Ra5 Nc7 49. Ra3 Kg6 50. Ra5 Kh5 51. Ra3 Rc5
52. Kg2 a5 53. Rh3+ Kg4 54. Rg3+ Kf4 55. Rf3+ Ke4 56. Ra3 Ne6 57. Kg3 Nd4 58.
Kg4 Nc6 59. Ra4+ Kd3 60. Kf3 Rc4 0-1

[Event "Madrid ch - Semifinal A"]
[Site "Madrid ESP"]
[Date "2011.01.31"]
[Round "7.17"]
[White "Perez Del Amo, Jorge"]
[Black "Martin-Consuegra Barrilero, Javi"]
[Result "1/2-1/2"]
[WhiteElo "1854"]
[BlackElo "1906"]
[PlyCount "37"]
[EventDate "2011.01.17"]
[EventType "swiss"]
[EventRounds "9"]
[EventCountry "ESP"]
[Source "lmi"]
[SourceDate "2011.01.17"]

1. d4 d6 2. Nf3 Nf6 3. e3 c6 4. b3 Bg4 5. Be2 Nbd7 6. Bb2 e6 7. O-O d5 8. Nbd2
Bd6 9. Ne5 Bxe2 10. Qxe2 O-O 11. c4 c5 12. Nxd7 Qxd7 13. dxc5 Bxc5 14. Bxf6
gxf6 15. Qg4+ Kh8 16. cxd5 Qxd5 17. Qh4 Qg5 18. Nf3 Qxh4 19. Nxh4 1/2-1/2

[Event "Madrid ch - Semifinal A"]
[Site "Madrid ESP"]
[Date "2011.02.01"]
[Round "8.1"]
[White "Gemy, Jose Daniel"]
[Black "Cabanas Bravo, Juan Andres"]
[Result "1-0"]
[WhiteElo "2301"]
[BlackElo "2059"]
[PlyCount "61"]
[EventDate "2011.01.17"]
[EventType "swiss"]
[EventRounds "9"]
[EventCountry "ESP"]
[Source "lmi"]
[SourceDate "2011.01.17"]

1. Nf3 Nf6 2. g3 g6 3. Bg2 Bg7 4. O-O O-O 5. d4 d5 6. b4 a5 7. b5 a4 8. Ne5 Ne4
9. f3 Nd6 10. Nc3 c6 11. bxc6 bxc6 12. f4 Qa5 13. Bd2 Qa6 14. Rb1 Nc4 15. Rb4
Bxe5 16. fxe5 Nxd2 17. Qxd2 Qa7 18. Rxa4 Ba6 19. e6 fxe6 20. Rxf8+ Kxf8 21.
Qh6+ Kg8 22. Bh3 Qd7 23. Qe3 Qc7 24. Bxe6+ Kg7 25. Qe5+ Qxe5 26. dxe5 Bb7 27.
Rf4 Ra3 28. Rf7+ Kh6 29. Nd1 Na6 30. Nf2 g5 31. Bf5 1-0

[Event "Madrid ch - Semifinal A"]
[Site "Madrid ESP"]
[Date "2011.02.01"]
[Round "8.2"]
[White "Fuentes Arjona, Antonio"]
[Black "Ramirez Garcia, Jorge Alberto"]
[Result "1/2-1/2"]
[WhiteElo "2006"]
[BlackElo "2255"]
[PlyCount "101"]
[EventDate "2011.01.17"]
[EventType "swiss"]
[EventRounds "9"]
[EventCountry "ESP"]
[Source "lmi"]
[SourceDate "2011.01.17"]

1. e4 e6 2. c4 d5 3. exd5 exd5 4. d4 Nf6 5. Nf3 Be6 6. b3 c5 7. cxd5 Nxd5 8.
Bb5+ Nd7 9. O-O Be7 10. Bb2 Bf6 11. Nbd2 cxd4 12. Bxd4 O-O 13. Bxd7 Qxd7 14.
Ne4 Bxd4 15. Qxd4 Rfd8 16. Rfd1 Qe7 17. Qc5 Kf8 18. Rac1 Rac8 19. Qxe7+ Kxe7
20. Rxc8 Rxc8 21. h3 Nb4 22. Rd2 Rc1+ 23. Kh2 h6 24. Nd4 Bd7 25. Re2 Kf8 26.
Kg3 f5 27. a3 Na6 28. Nd2 Rd1 29. b4 Nc7 30. N2f3 Ra1 31. Rc2 Nd5 32. Rc5 f4+
33. Kh2 Nf6 34. Ne5 Ke8 35. Rc7 Rxa3 36. Nxd7 Nxd7 37. Rxb7 Ra2 38. Kg1 Ra1+
39. Kh2 g5 40. Nf5 Ra6 41. b5 Ra2 42. Kg1 Kd8 43. Nd6 Ra1+ 44. Kh2 Ra2 45. Kg1
Ra1+ 46. Kh2 h5 47. Nf7+ Kc8 48. Nd6+ Kd8 49. Nf7+ Kc8 50. Nd6+ Kd8 51. Nf7+
1/2-1/2

[Event "Madrid ch - Semifinal A"]
[Site "Madrid ESP"]
[Date "2011.02.01"]
[Round "8.3"]
[White "De La Fuente Gonzalez, Francisco"]
[Black "Perez Gonzalez, Jose Manuel"]
[Result "1-0"]
[WhiteElo "2230"]
[BlackElo "2279"]
[PlyCount "141"]
[EventDate "2011.01.17"]
[EventType "swiss"]
[EventRounds "9"]
[EventCountry "ESP"]
[Source "lmi"]
[SourceDate "2011.01.17"]

1. c4 Nf6 2. Nc3 c5 3. g3 Nc6 4. Bg2 g6 5. Nf3 Bg7 6. d4 cxd4 7. Nxd4 Nxd4 8.
Qxd4 O-O 9. O-O d6 10. Qd3 Bf5 11. e4 Be6 12. b3 Nd7 13. Bb2 Qa5 14. Rac1 Rac8
15. f4 Nc5 16. Qe2 Rfe8 17. f5 Bd7 18. f6 exf6 19. Nd5 Nxe4 20. Bxe4 Bf5 21.
Rf4 Qxa2 22. Ra1 Qxb3 23. Ra3 Qxc4 24. Qxc4 Rxc4 25. Bxf5 Rxf4 26. gxf4 gxf5
27. Rxa7 Rb8 28. Ne7+ Kh8 29. Nxf5 h6 30. Nxd6 Bf8 31. Bxf6+ Kh7 32. Nxb7 Kg6
33. Be5 Rc8 34. Ra6+ Kf5 35. Nd6+ Bxd6 36. Rxd6 h5 37. h3 Ke4 38. Kf2 h4 39.
Rd4+ Kf5 40. Rd6 Ke4 41. Rh6 f6 42. Bxf6 Rc2+ 43. Ke1 Kxf4 44. Rxh4+ Kg3 45.
Rh8 Rh2 46. h4 Kg4 47. Bg5 Ra2 48. Rd8 Kh5 49. Rd2 Ra4 50. Kf2 Kg4 51. Kg2 Rc4
52. Kh2 Ra4 53. Rg2+ Kh5 54. Kh3 Ra3+ 55. Rg3 Ra1 56. Bf6 Rh1+ 57. Kg2 Rb1 58.
Rg5+ Kh6 59. Bg7+ Kh7 60. h5 Rb3 61. h6 Rb8 62. Kg3 Ra8 63. Kh4 Ra2 64. Kg4
Rg2+ 65. Kf5 Ra2 66. Ke6 Ra6+ 67. Kf5 Rb6 68. Rg4 Rb5+ 69. Be5 Rb8 70. Rc4 Rb5
71. Rc8 1-0

[Event "Madrid ch - Semifinal A"]
[Site "Madrid ESP"]
[Date "2011.02.01"]
[Round "8.4"]
[White "Spitzer Isbert, Ramon"]
[Black "Pastor Alonso De Prado, Emilio A"]
[Result "1-0"]
[WhiteElo "2082"]
[BlackElo "2176"]
[PlyCount "85"]
[EventDate "2011.01.17"]
[EventType "swiss"]
[EventRounds "9"]
[EventCountry "ESP"]
[Source "lmi"]
[SourceDate "2011.01.17"]

1. Nf3 d5 2. c4 c6 3. d4 Nf6 4. cxd5 cxd5 5. Nc3 Nc6 6. Bf4 e6 7. e3 a6 8. Bd3
Be7 9. h3 Na5 10. O-O Bd7 11. Ne5 Rc8 12. Rc1 O-O 13. Qe2 b5 14. Rfd1 Qb6 15.
Bg5 Rfd8 16. Nxd7 Rxd7 17. Nxd5 Qd8 18. Nxe7+ Rxe7 19. Bxf6 gxf6 20. Qh5 f5 21.
Qg5+ Kf8 22. Qh6+ Kg8 23. g4 Rxc1 24. Rxc1 Rc7 25. Rxc7 Qxc7 26. gxf5 Qc8 27.
Kg2 Qc6+ 28. Kg3 exf5 29. Qxc6 Nxc6 30. Bxf5 a5 31. Kf4 Kg7 32. d5 Nb4 33. Ke5
Nxa2 34. Bd3 b4 35. d6 Kf8 36. Kf6 Ke8 37. Bb5+ Kd8 38. Kxf7 Nc3 39. bxc3 b3
40. Ba4 b2 41. Bc2 Kd7 42. e4 Kxd6 43. f4 1-0

[Event "Madrid ch - Semifinal A"]
[Site "Madrid ESP"]
[Date "2011.02.01"]
[Round "8.5"]
[White "Garcia Ruido, Ricardo"]
[Black "Rodriguez De Castro, Ayar"]
[Result "0-1"]
[WhiteElo "2067"]
[BlackElo "2103"]
[PlyCount "70"]
[EventDate "2011.01.17"]
[EventType "swiss"]
[EventRounds "9"]
[EventCountry "ESP"]
[Source "lmi"]
[SourceDate "2011.01.17"]

1. e4 e6 2. d4 d5 3. Nd2 Be7 4. Ngf3 Nf6 5. e5 Nfd7 6. Bd3 c5 7. c3 b6 8. O-O
Ba6 9. Bxa6 Nxa6 10. Ne1 O-O 11. Qg4 Rc8 12. Ndf3 Kh8 13. Ng5 h6 14. Nxf7+ Rxf7
15. Qxe6 Qe8 16. Qxd5 Nc7 17. Qe4 cxd4 18. cxd4 Nf8 19. Be3 Rd8 20. f3 Nfe6 21.
g3 Nxd4 22. Kg2 Nce6 23. Rc1 Nf5 24. Bf2 Bc5 25. Bxc5 Nxc5 26. Qe2 Rfd7 27. Rf2
Rd2 28. Qxd2 Rxd2 29. Rxd2 Qxe5 30. b4 Qe3 31. Rd8+ Kh7 32. Rcd1 Qe2+ 33. Kh3
Ne6 34. R8d2 Ng5+ 35. Kg4 Qe6 0-1

[Event "Madrid ch - Semifinal A"]
[Site "Madrid ESP"]
[Date "2011.02.01"]
[Round "8.6"]
[White "Beekhof Harmsen, Willen"]
[Black "Alvarez Abejon, Amilcar"]
[Result "0-1"]
[WhiteElo "1835"]
[BlackElo "2094"]
[PlyCount "101"]
[EventDate "2011.01.17"]
[EventType "swiss"]
[EventRounds "9"]
[EventCountry "ESP"]
[Source "lmi"]
[SourceDate "2011.01.17"]

1. d4 d5 2. c4 e6 3. Nf3 Nf6 4. g3 Bb4+ 5. Bd2 Be7 6. Bg2 O-O 7. O-O c6 8. Nc3
Nbd7 9. cxd5 exd5 10. Rc1 Bd6 11. Bf4 Bxf4 12. gxf4 Ne4 13. Nxe4 dxe4 14. Ng5
Nf6 15. Nxe4 Nxe4 16. Bxe4 Bg4 17. Qd3 Qh4 18. Bg2 Qh5 19. Rfe1 Rae8 20. e4 f5
21. e5 Qh6 22. h3 Bh5 23. Qe3 Bf7 24. Rc5 Re6 25. Kh2 b6 26. Rc3 Rg6 27. Qd2
Rg4 28. Rxc6 Rxg2+ 29. Kxg2 Qxc6+ 30. Kg3 Bd5 31. Rc1 Qg6+ 32. Kh4 Bg2 33. f3
Qh6+ 34. Kg3 Qxh3+ 35. Kf2 Qxf3+ 36. Kg1 Qg3 37. Rc3 Bf3+ 38. Kf1 Qh3+ 39. Kg1
Qh1+ 40. Kf2 Qg2+ 41. Ke3 Qxd2+ 42. Kxd2 Bd5 43. a4 h5 44. a5 Rd8 45. Rc7 h4
46. axb6 axb6 47. Ke3 h3 48. Kf2 h2 49. e6 h1=Q 50. e7 Qf3+ 51. Ke1 0-1

[Event "Madrid ch - Semifinal A"]
[Site "Madrid ESP"]
[Date "2011.02.01"]
[Round "8.7"]
[White "Cortes Jurado, Rafael"]
[Black "Monge Gilgado, Eva Maria"]
[Result "0-1"]
[WhiteElo "2081"]
[BlackElo "1832"]
[PlyCount "94"]
[EventDate "2011.01.17"]
[EventType "swiss"]
[EventRounds "9"]
[EventCountry "ESP"]
[Source "lmi"]
[SourceDate "2011.01.17"]

1. d4 f5 2. g3 Nf6 3. Bg2 d6 4. Nf3 c6 5. O-O g6 6. c4 Bg7 7. Nc3 O-O 8. Re1
Ne4 9. Ng5 Nxc3 10. bxc3 e5 11. h4 h6 12. Nf3 Qa5 13. dxe5 Qxc3 14. Rb1 dxe5
15. Bb2 Qxc4 16. Bxe5 Nd7 17. Bxg7 Kxg7 18. Qd2 Qf7 19. Red1 Nb6 20. Ne5 Qf6
21. f4 Be6 22. Qd6 Rac8 23. Qa3 Ra8 24. Rd6 Rfe8 25. Rbd1 Nc8 26. Nd7 Qe7 27.
Qb2+ Kf7 28. Ne5+ Kg8 29. R6d3 Qg7 30. Rd8 Nb6 31. Rxa8 Rxa8 32. Qa3 Bd5 33.
Bxd5+ Nxd5 34. Qd6 Kh7 35. Kf2 Nf6 36. Qb4 Nd5 37. Qc5 Nf6 38. Qc2 Re8 39. Kg2
Nd5 40. Qb3 Qc7 41. h5 g5 42. Qd3 Qc8 43. e4 gxf4 44. exd5 Rxe5 45. gxf4 Rxd5
46. Qb3 Qd7 47. Rxd5 Qxd5+ 0-1

[Event "Madrid ch - Semifinal A"]
[Site "Madrid ESP"]
[Date "2011.02.01"]
[Round "8.8"]
[White "Perez Cameselle, Francisco"]
[Black "Mansilla Tolosa, Luis"]
[Result "1-0"]
[WhiteElo "1904"]
[BlackElo "2081"]
[PlyCount "67"]
[EventDate "2011.01.17"]
[EventType "swiss"]
[EventRounds "9"]
[EventCountry "ESP"]
[Source "lmi"]
[SourceDate "2011.01.17"]

1. e4 c6 2. d3 d5 3. Nd2 g6 4. Ngf3 Bg7 5. g3 e6 6. Bg2 Ne7 7. O-O O-O 8. e5 c5
9. c3 Nbc6 10. Re1 f6 11. d4 cxd4 12. cxd4 fxe5 13. dxe5 Qc7 14. Qe2 b6 15. a3
a5 16. Nb3 Ba6 17. Qc2 Rac8 18. Bf4 Nf5 19. Rac1 Bc4 20. Nbd2 Ba6 21. Nb3 Qd7
22. Qd2 Bc4 23. Rxc4 Nxe5 24. Rxc8 Nxf3+ 25. Bxf3 Rxc8 26. Rxe6 a4 27. Qxd5
Qxd5 28. Bxd5 Kf8 29. g4 Rd8 30. Bc4 axb3 31. gxf5 Bxb2 32. Bxb3 gxf5 33. Bh6+
Bg7 34. Rf6+ 1-0

[Event "Madrid ch - Semifinal A"]
[Site "Madrid ESP"]
[Date "2011.02.01"]
[Round "8.10"]
[White "Vukotic Jovsic, Dragan"]
[Black "Lozano Sanchez, Jose Antonio"]
[Result "1-0"]
[WhiteElo "1960"]
[BlackElo "1918"]
[PlyCount "51"]
[EventDate "2011.01.17"]
[EventType "swiss"]
[EventRounds "9"]
[EventCountry "ESP"]
[Source "lmi"]
[SourceDate "2011.01.17"]

1. d4 d5 2. Bf4 Nf6 3. Nf3 Bf5 4. e3 Nbd7 5. c4 c6 6. cxd5 Bxb1 7. dxc6 Qa5+ 8.
Qd2 Qxd2+ 9. Nxd2 bxc6 10. Rxb1 Nd5 11. Bg3 N7f6 12. Ba6 Kd7 13. Bb7 Rd8 14.
Nc4 Ne4 15. Ne5+ Kc7 16. Nxf7+ Nxg3 17. hxg3 Rb8 18. Bxc6 Kxc6 19. Nxh8 e5 20.
Rxh7 exd4 21. exd4 Nb4 22. Ng6 Nc2+ 23. Kd2 Nxd4 24. Nxf8 Rxf8 25. Rxg7 Rd8 26.
Ke1 1-0